[Event "43. Olimpiada Batumi 2018 Femenina"]
[Site "Batumi GEO"]
[Date "2018.10.02"]
[Round "8.2"]
[White "Leon Sandoval, Johan"]
[Black "Lohani, Sujana"]
[Result "0-1"]
[WhiteElo "1708"]
[BlackElo "1537"]
[PlyCount "68"]
[EventDate "2018.09.24"]
[EventType "team-swiss"]
[EventRounds "11"]
[EventCountry "GEO"]
[SourceTitle "Ajedrez en Madrid"]
[Source "lmi"]
[SourceDate "2018.09.24"]
[WhiteTeam "Nicaragua"]
[BlackTeam "Nepal"]
[WhiteTeamCountry "NCA"]
[BlackTeamCountry "NEP"]

1. c4 Nf6 2. g3 g6 3. Bg2 Bg7 4. Nf3 O-O 5. O-O c6 6. Nc3 d6 7. d4 Nbd7 8. Qc2
e5 9. dxe5 Nxe5 10. Nxe5 dxe5 11. Rd1 Qc7 12. b3 Bf5 13. e4 Bg4 14. Rd3 Rad8
15. f3 Be6 16. Be3 Rxd3 17. Qxd3 Rd8 18. Qc2 Qa5 19. Rc1 Bf8 20. Qf2 Rd3 21.
Nb1 Rxe3 22. Kf1 Bc5 23. Qc2 Qd8 24. Rd1 Qe7 25. Qc1 Nxe4 26. Qc2 Qf6 27. Rd3
Rxd3 28. Qxd3 Ng5 29. Qe2 e4 30. f4 Qd4 31. Ke1 Nf3+ 32. Bxf3 exf3 33. Qxf3
Bb4+ 34. Kf1 Bh3+ 0-1

[Event "43. Olimpiada Batumi 2018 Femenina"]
[Site "Batumi GEO"]
[Date "2018.10.02"]
[Round "8.3"]
[White "Khamboo, Monalisha"]
[Black "Narvaez Talavera, Joanie Ellen"]
[Result "1/2-1/2"]
[WhiteElo "1704"]
[BlackElo "1670"]
[PlyCount "141"]
[EventDate "2018.09.24"]
[EventType "team-swiss"]
[EventRounds "11"]
[EventCountry "GEO"]
[SourceTitle "Ajedrez en Madrid"]
[Source "lmi"]
[SourceDate "2018.09.24"]
[WhiteTeam "Nepal"]
[BlackTeam "Nicaragua"]
[WhiteTeamCountry "NEP"]
[BlackTeamCountry "NCA"]

1. d4 d5 2. Nf3 Nf6 3. e3 Bf5 4. c4 c6 5. Nc3 e6 6. Bd3 Bxd3 7. Qxd3 Bd6 8. O-O
O-O 9. b3 Nbd7 10. Bb2 Qe7 11. Rad1 Rad8 12. e4 dxe4 13. Nxe4 Nxe4 14. Qxe4 Nf6
15. Qe2 c5 16. Ne5 cxd4 17. Bxd4 Bc5 18. Bc3 Rxd1 19. Rxd1 Rd8 20. Rxd8+ Qxd8
21. b4 Be7 22. Qd3 Qxd3 23. Nxd3 Kf8 24. f3 Nd7 25. c5 Bf6 26. Bxf6 Nxf6 27.
Kf2 Nd5 28. a3 Ke7 29. Ne5 b6 30. cxb6 axb6 31. g3 f6 32. Nd3 b5 33. Nc5 Kd6
34. Ke2 e5 35. Kd3 f5 36. Nb7+ Kc7 37. Nc5 Kd6 38. Nb7+ Kc7 39. Nc5 Kd6 40. Nb3
g5 41. Nd2 h6 42. Nf1 Kc6 43. Nd2 Kc7 44. Nb3 Kc6 45. Nd2 Kc7 46. Nb3 Kc6 47.
Na5+ Kc7 48. Nb3 Kc6 49. Nd2 Kc7 50. Kc2 Nb6 51. Nb1 Na4 52. Nd2 Nb6 53. g4
fxg4 54. fxg4 Nd5 55. Kd3 Kd6 56. h3 Nf4+ 57. Ke4 Ke6 58. Nf3 Nxh3 59. Nxe5 Nf4
60. Nc6 Nh3 61. Nd4+ Kd6 62. Nxb5+ Kc6 63. Nd4+ Kb6 64. Kf5 Nf2 65. Kg6 Nxg4
66. Kh5 Ne5 67. Kxh6 g4 68. Kg5 g3 69. a4 Nc6 70. a5+ Nxa5 71. bxa5+ 1/2-1/2

[Event "43. Olimpiada Batumi 2018 Femenina"]
[Site "Batumi GEO"]
[Date "2018.10.02"]
[Round "8.1"]
[White "Shih, Ching-An"]
[Black "Mutesi, Phiona"]
[Result "1/2-1/2"]
[WhiteElo "1546"]
[BlackElo "1637"]
[PlyCount "101"]
[EventDate "2018.09.24"]
[EventType "team-swiss"]
[EventRounds "11"]
[EventCountry "GEO"]
[SourceTitle "Ajedrez en Madrid"]
[Source "lmi"]
[SourceDate "2018.09.24"]
[WhiteTeam "Chinese Taipei"]
[BlackTeam "Uganda"]
[BlackTeamCountry "UGA"]

1. e4 e6 2. d4 d5 3. Nd2 c5 4. exd5 Qxd5 5. dxc5 Bxc5 6. Ngf3 Nf6 7. Bc4 Qd8 8.
O-O O-O 9. Nb3 Be7 10. Bf4 Nc6 11. c3 b6 12. Qe2 Bb7 13. Rfd1 Qc8 14. h3 Re8
15. Bh2 h6 16. Bd3 Bd8 17. Rd2 Bc7 18. Rad1 Bxh2+ 19. Nxh2 Qc7 20. Ba6 Bxa6 21.
Qxa6 Nd5 22. Nf3 Qf4 23. Qb5 Rac8 24. Re2 Red8 25. Red2 Rd6 26. Qe2 Rcd8 27.
Nbd4 Nxd4 28. Rxd4 Qf6 29. Qe4 Qe7 30. Qe5 f6 31. Qe4 b5 32. R1d2 a6 33. a3 Qf7
34. Qc2 e5 35. Re4 Nf4 36. Rxd6 Rxd6 37. Re3 Qd5 38. Re1 Nxh3+ 39. Kh2 Nf4 40.
a4 Qf7 41. axb5 axb5 42. Ra1 Qd5 43. Qf5 Rd8 44. Qc2 e4 45. Nd4 Nd3 46. Ra5
Qh5+ 47. Kg1 Qg4 48. Kf1 Qh5 49. Kg1 Qg4 50. Kf1 Qh4 51. Kg1 1/2-1/2

[Event "43. Olimpiada Batumi 2018 Femenina"]
[Site "Batumi GEO"]
[Date "2018.10.02"]
[Round "8.2"]
[White "Namaganda, Christine"]
[Black "Wong, Linda Jane"]
[Result "1/2-1/2"]
[WhiteElo "1581"]
[BlackElo "1378"]
[PlyCount "132"]
[EventDate "2018.09.24"]
[EventType "team-swiss"]
[EventRounds "11"]
[EventCountry "GEO"]
[SourceTitle "Ajedrez en Madrid"]
[Source "lmi"]
[SourceDate "2018.09.24"]
[WhiteTeam "Uganda"]
[BlackTeam "Chinese Taipei"]
[WhiteTeamCountry "UGA"]

1. d4 e6 2. Nf3 d5 3. e3 c6 4. Bd3 f5 5. Ne5 Nf6 6. Nd2 Nbd7 7. f4 Bd6 8. Ndf3
O-O 9. O-O Ne4 10. c4 Ndf6 11. c5 Be7 12. Ne1 Bd7 13. Rf3 Be8 14. Rh3 b6 15. b4
a5 16. g4 axb4 17. g5 Nc3 18. Qc2 Nfe4 19. Bxe4 fxe4 20. Qf2 Bxg5 21. Qg2 Bh4
22. Nc2 Bh5 23. Nxc6 Qf6 24. Ne5 Ne2+ 25. Kh1 Bf3 26. Nxf3 exf3 27. Rxf3 Nxc1
28. Nxb4 bxc5 29. Nc6 Nd3 30. Ne5 Nxe5 31. dxe5 Qf5 32. Rg1 g6 33. Rh3 Rxa2 34.
Qxa2 Qxh3 35. Qe2 c4 36. Qh5 Qf5 37. Qxh4 Qe4+ 38. Rg2 c3 39. Qg4 Qb1+ 40. Rg1
Qe4+ 41. Rg2 Kf7 42. Qh3 h5 43. Qh4 Ke8 44. Qf2 Qb1+ 45. Rg1 c2 46. Qf1 Qxf1
47. Rxf1 Ke7 48. Rc1 Rc8 49. Kg2 Rc3 50. Kf2 Kf7 51. Ke2 Ke7 52. Kd2 Rc7 53. h4
Kd7 54. Kd3 Rc4 55. Rxc2 Rxc2 56. Kxc2 Kc6 57. Kc3 Kc5 58. Kd3 Kb5 59. Kd4 Kb4
60. e4 dxe4 61. Kxe4 Kc4 62. Ke3 Kc5 63. Ke4 Kc4 64. Ke3 Kc3 65. Ke4 Kc4 66.
Ke3 Kc3 1/2-1/2

[Event "43. Olimpiada Batumi 2018 Femenina"]
[Site "Batumi GEO"]
[Date "2018.10.02"]
[Round "8.3"]
[White "Wang, Mi"]
[Black "Nakabo, Peninah"]
[Result "0-1"]
[WhiteElo "1585"]
[BlackElo "1581"]
[PlyCount "152"]
[EventDate "2018.09.24"]
[EventType "team-swiss"]
[EventRounds "11"]
[EventCountry "GEO"]
[SourceTitle "Ajedrez en Madrid"]
[Source "lmi"]
[SourceDate "2018.09.24"]
[WhiteTeam "Chinese Taipei"]
[BlackTeam "Uganda"]
[BlackTeamCountry "UGA"]

1. e4 e5 2. Nf3 Nc6 3. Bc4 Nd4 4. c3 Nxf3+ 5. Qxf3 Qf6 6. Qe2 Bc5 7. d3 Qg6 8.
Qf3 d6 9. h3 Nf6 10. a4 a6 11. Be3 Bxe3 12. fxe3 Bd7 13. Nd2 h5 14. Rf1 h4 15.
Qf2 O-O-O 16. Nf3 Qh5 17. Kd2 Rh6 18. b4 g5 19. Nh2 Rg8 20. Bb3 g4 21. Bd1 Qg5
22. hxg4 Nxg4 23. Bxg4 Bxg4 24. Nxg4 Qxg4 25. Rg1 f6 26. Raf1 Kd8 27. Ke1 Ke7
28. Qf3 Qe6 29. c4 Rg3 30. Qe2 d5 31. exd5 Qb6 32. Rf3 Qxb4+ 33. Qd2 Qxa4 34.
Rxg3 hxg3 35. Ke2 b6 36. Kf3 Rg6 37. Rh1 a5 38. Rh3 Qb3 39. Rh1 Kd6 40. Rc1 Qa4
41. d4 Qd7 42. Ke2 Qg4+ 43. Kd3 Qf5+ 44. Kc3 Qf2 45. Qd3 Rh6 46. Rc2 Qe1+ 47.
Rd2 Qc1+ 48. Kb3 Rh1 49. c5+ Ke7 50. cxb6 Qb1+ 51. Qxb1 Rxb1+ 52. Ka2 Rxb6 53.
dxe5 fxe5 54. e4 Rb4 55. Re2 Kd6 56. Re3 Kc5 57. Rxg3 Rxe4 58. Rc3+ Kxd5 59.
Rxc7 Re2+ 60. Ka3 Rxg2 61. Ra7 Rc2 62. Rxa5+ Kd4 63. Kb3 Rc8 64. Ra7 Ke3 65.
Re7 e4 66. Kb2 Kf3 67. Rf7+ Ke2 68. Re7 e3 69. Kb3 Kf2 70. Rf7+ Ke1 71. Re7 e2
72. Re6 Rc5 73. Kb4 Rd5 74. Kc3 Kd1 75. Kc4 Rd8 76. Rxe2 Kxe2 0-1

[Event "43. Olimpiada Batumi 2018 Femenina"]
[Site "Batumi GEO"]
[Date "2018.10.02"]
[Round "8.4"]
[White "Ampaire, Shakira"]
[Black "Cho, Hung-Ling"]
[Result "1-0"]
[WhiteElo "1512"]
[BlackElo "1575"]
[PlyCount "117"]
[EventDate "2018.09.24"]
[EventType "team-swiss"]
[EventRounds "11"]
[EventCountry "GEO"]
[SourceTitle "Ajedrez en Madrid"]
[Source "lmi"]
[SourceDate "2018.09.24"]
[WhiteTeam "Uganda"]
[BlackTeam "Chinese Taipei"]
[WhiteTeamCountry "UGA"]

1. d4 e6 2. c4 Nf6 3. Nc3 Bb4 4. Bd2 O-O 5. Nf3 d6 6. a3 Bxc3 7. Bxc3 Nbd7 8.
Qc2 b6 9. e4 Bb7 10. Bd3 h6 11. Nd2 e5 12. d5 Nc5 13. Be2 Re8 14. b4 Ncd7 15.
Qd3 Nf8 16. h4 Ng6 17. g3 h5 18. Nf1 c6 19. Bd2 Qd7 20. Bg5 Ng4 21. f3 Nf6 22.
Bxf6 gxf6 23. Ne3 cxd5 24. exd5 Bc8 25. g4 Nf4 26. Qe4 hxg4 27. fxg4 Nxe2 28.
Kxe2 Qe7 29. Raf1 Kg7 30. Rhg1 Rh8 31. g5 fxg5 32. Rxg5+ Kf8 33. Nf5 Bxf5 34.
Rgxf5 Ke8 35. Rf6 Rf8 36. Qh7 Rd8 37. h5 Qc7 38. Kd3 Rc8 39. Rc1 Qd7 40. Rcf1
Qc7 41. Qe4 Qd7 42. Kc3 Rg8 43. Qh7 Rf8 44. Qf5 Qc7 45. Qg4 b5 46. c5 dxc5 47.
Rc6 cxb4+ 48. axb4 Qxc6+ 49. dxc6 Rxc6+ 50. Kb3 Ke7 51. Rd1 Rfc8 52. Qg5+ Ke6
53. Rd3 Rc1 54. Qg4+ Ke7 55. Qd7+ Kf8 56. Qd6+ Kg8 57. Rg3+ Kh7 58. Qd3+ Kh8
59. Qf5 1-0

[Event "43. Olimpiada Batumi 2018 Femenina"]
[Site "Batumi GEO"]
[Date "2018.10.02"]
[Round "8.1"]
[White "Gemota, Joan"]
[Black "Barria Baker, Raisa Melissa"]
[Result "0-1"]
[WhiteElo "1346"]
[BlackElo "1962"]
[PlyCount "104"]
[EventDate "2018.09.24"]
[EventType "team-swiss"]
[EventRounds "11"]
[EventCountry "GEO"]
[SourceTitle "Ajedrez en Madrid"]
[Source "lmi"]
[SourceDate "2018.09.24"]
[WhiteTeam "Palau"]
[BlackTeam "Panama"]
[WhiteTeamCountry "PAL"]
[BlackTeamCountry "PAN"]

1. e4 e6 2. Nc3 d5 3. e5 c5 4. Nf3 Nc6 5. a3 Nge7 6. d3 Ng6 7. Qe2 Qc7 8. Nb5
Qa5+ 9. Nc3 d4 10. Bd2 dxc3 11. Bxc3 Qc7 12. d4 cxd4 13. Bd2 Bd7 14. g3 Ngxe5
15. Bg2 Nxf3+ 16. Qxf3 Qe5+ 17. Kd1 Be7 18. Re1 Qb5 19. Rb1 d3 20. Qxd3 Qxd3
21. cxd3 Nd4 22. Bxb7 Rb8 23. Ba6 Ba4+ 24. Kc1 Nb3+ 25. Kd1 Nc5+ 26. Ke2 Nxa6
27. Kf1 O-O 28. Kg1 Bf6 29. Bf4 Rxb2 30. Rxb2 Bxb2 31. Bc1 Bxc1 32. Rxc1 g5 33.
Re1 Rd8 34. Re5 Rd5 35. Re4 Bc6 36. Rc4 Rc5 37. Rxc5 Nxc5 38. d4 Nb3 39. f4
gxf4 40. gxf4 Nxd4 41. h3 Nc2 42. Kh2 Nxa3 43. h4 a5 44. Kg3 a4 45. h5 Nc4 46.
Kh4 a3 47. h6 a2 48. f5 a1=Q 49. fxe6 Qh1+ 50. Kg5 f6+ 51. Kxf6 Qh4+ 52. Kf5
Be4# 0-1

[Event "43. Olimpiada Batumi 2018 Femenina"]
[Site "Batumi GEO"]
[Date "2018.10.02"]
[Round "8.2"]
[White "Chung, Yaleika"]
[Black "Mission, Baby Edna"]
[Result "1-0"]
[WhiteElo "1736"]
[BlackElo "1475"]
[PlyCount "53"]
[EventDate "2018.09.24"]
[EventType "team-swiss"]
[EventRounds "11"]
[EventCountry "GEO"]
[SourceTitle "Ajedrez en Madrid"]
[Source "lmi"]
[SourceDate "2018.09.24"]
[WhiteTeam "Panama"]
[BlackTeam "Palau"]
[WhiteTeamCountry "PAN"]
[BlackTeamCountry "PAL"]

1. d4 d5 2. Nf3 e6 3. c4 Nf6 4. Nc3 Bb4 5. Qb3 a5 6. a3 Be7 7. Bf4 O-O 8. e3
Nbd7 9. cxd5 Nb6 10. dxe6 Bxe6 11. Qc2 Nbd5 12. Bg3 Qd7 13. Bd3 g6 14. e4 Nxc3
15. bxc3 Nh5 16. d5 Bg4 17. Ne5 Qc8 18. Nxg4 Nxg3 19. Nh6+ Kh8 20. hxg3 Bg5 21.
f4 Bxh6 22. Rxh6 f5 23. e5 Qd7 24. c4 b6 25. Qc3 Kg8 26. Ke2 Qg7 27. Rah1 1-0

[Event "43. Olimpiada Batumi 2018 Femenina"]
[Site "Batumi GEO"]
[Date "2018.10.02"]
[Round "8.3"]
[White "Sisior, Angelil"]
[Black "Carrillo Marval, Maria Angelica"]
[Result "0-1"]
[WhiteElo "1476"]
[BlackElo "1712"]
[PlyCount "74"]
[EventDate "2018.09.24"]
[EventType "team-swiss"]
[EventRounds "11"]
[EventCountry "GEO"]
[SourceTitle "Ajedrez en Madrid"]
[Source "lmi"]
[SourceDate "2018.09.24"]
[WhiteTeam "Palau"]
[BlackTeam "Panama"]
[WhiteTeamCountry "PAL"]
[BlackTeamCountry "PAN"]

1. e4 c5 2. Nf3 d6 3. d4 cxd4 4. Nxd4 Nf6 5. Nc3 g6 6. Bg5 Bg7 7. Bc4 O-O 8.
Qd2 Nc6 9. Nf3 a6 10. h4 Bg4 11. Nh2 Qc8 12. f3 Be6 13. Bd5 Nb4 14. a3 Nfxd5
15. exd5 Bxc3 16. bxc3 Nxd5 17. O-O Qc5+ 18. Kh1 Qxc3 19. Qxc3 Nxc3 20. Bxe7
Rfc8 21. Bxd6 Nb5 22. Rfd1 Nxd6 23. Rxd6 Rxc2 24. Nf1 Rac8 25. Rdd1 R2c4 26. g3
Rc3 27. Kg2 Rc2+ 28. Kg1 R8c3 29. f4 Bh3 30. Rd2 Rxd2 31. Nxd2 Rxg3+ 32. Kh2
Rg2+ 33. Kxh3 Rxd2 34. Kg4 Rd3 35. a4 Kg7 36. h5 f5+ 37. Kh4 Rf3 0-1

[Event "43. Olimpiada Batumi 2018 Femenina"]
[Site "Batumi GEO"]
[Date "2018.10.02"]
[Round "8.4"]
[White "Gonzalez, Yaribeth"]
[Black "Magno, Angelica"]
[Result "1-0"]
[WhiteElo "1727"]
[BlackElo "1105"]
[PlyCount "57"]
[EventDate "2018.09.24"]
[EventType "team-swiss"]
[EventRounds "11"]
[EventCountry "GEO"]
[SourceTitle "Ajedrez en Madrid"]
[Source "lmi"]
[SourceDate "2018.09.24"]
[WhiteTeam "Panama"]
[BlackTeam "Palau"]
[WhiteTeamCountry "PAN"]
[BlackTeamCountry "PAL"]

1. e4 c5 2. Nc3 e6 3. Nf3 Nc6 4. Bc4 a6 5. a3 Be7 6. d4 b5 7. Ba2 Bb7 8. d5 b4
9. dxc6 Bxc6 10. axb4 cxb4 11. Ne2 Bxe4 12. Ng3 Bc6 13. O-O Qb6 14. Be3 Qb7 15.
Bc4 Nf6 16. Re1 O-O 17. Bf1 Rfd8 18. Nd4 h6 19. Nxc6 dxc6 20. Qe2 a5 21. Nh5
Qc7 22. Bf4 Qb6 23. Be5 Nxh5 24. Qxh5 Rd5 25. Qg4 f6 26. Qxe6+ Kf8 27. Bg3 Re8
28. Bc4 g5 29. Bxd5 1-0

[Event "43. Olimpiada Batumi 2018 Femenina"]
[Site "Batumi GEO"]
[Date "2018.10.02"]
[Round "8.1"]
[White "Francis, Onkemetse"]
[Black "Jambo, Linda"]
[Result "1-0"]
[WhiteElo "1779"]
[BlackElo "1482"]
[PlyCount "83"]
[EventDate "2018.09.24"]
[EventType "team-swiss"]
[EventRounds "11"]
[EventCountry "GEO"]
[SourceTitle "Ajedrez en Madrid"]
[Source "lmi"]
[SourceDate "2018.09.24"]
[WhiteTeam "Botswana"]
[BlackTeam "Malawi"]
[WhiteTeamCountry "BOT"]
[BlackTeamCountry "MWI"]

1. e4 e5 2. Nf3 Nc6 3. Bc4 d6 4. c3 Be6 5. Bxe6 fxe6 6. Qb3 Qc8 7. Ng5 Nd8 8.
d4 h6 9. Nf3 exd4 10. cxd4 Be7 11. Nc3 Nf6 12. e5 dxe5 13. Nxe5 O-O 14. O-O Bd6
15. Ng6 Rf7 16. Qc2 Nc6 17. Ne2 Qe8 18. Bf4 Bxf4 19. Ngxf4 Rd8 20. Rad1 Nb4 21.
Qb3 a5 22. a3 Nbd5 23. Nd3 Nb6 24. Ne5 Re7 25. Nf4 Nbd5 26. Nfg6 b6 27. Nxe7+
Nxe7 28. Qxe6+ Kf8 29. Qc4 Nfd5 30. Qd3 Kg8 31. Rfe1 Qh5 32. Qf3 Qxf3 33. Nxf3
Ng6 34. Ne5 Ndf4 35. g3 Nxe5 36. dxe5 Rxd1 37. Rxd1 Nh3+ 38. Kg2 Ng5 39. Rd8+
Kf7 40. Rd7+ Ke6 41. Rxc7 Kxe5 42. f4+ 1-0

[Event "43. Olimpiada Batumi 2018 Femenina"]
[Site "Batumi GEO"]
[Date "2018.10.02"]
[Round "8.2"]
[White "Nkhoma, Desiderata"]
[Black "Botlhole, Kgalalelo"]
[Result "0-1"]
[WhiteElo "1502"]
[BlackElo "1719"]
[PlyCount "124"]
[EventDate "2018.09.24"]
[EventType "team-swiss"]
[EventRounds "11"]
[EventCountry "GEO"]
[SourceTitle "Ajedrez en Madrid"]
[Source "lmi"]
[SourceDate "2018.09.24"]
[WhiteTeam "Malawi"]
[BlackTeam "Botswana"]
[WhiteTeamCountry "MWI"]
[BlackTeamCountry "BOT"]

1. e4 c5 2. Nf3 d6 3. d4 cxd4 4. Nxd4 Nf6 5. Bd3 a6 6. Nc3 e6 7. O-O Be7 8. h3
O-O 9. Nce2 Nbd7 10. Ng3 Nc5 11. a4 b6 12. Nc6 Qc7 13. Nxe7+ Qxe7 14. f4 Nxd3
15. Qxd3 Bb7 16. e5 dxe5 17. fxe5 Nd7 18. Qe3 Rac8 19. c3 Qc5 20. Re1 Qd5 21.
Qe4 Nc5 22. Qxd5 Bxd5 23. b4 Nb3 24. Rb1 Rxc3 25. Be3 Rfc8 26. Bf2 Rc2 27. Red1
Nd2 28. Ra1 h6 29. Nf1 Nc4 30. Rdc1 Nxe5 31. Rxc2 Rxc2 32. Ne3 Ra2 33. Rxa2
Bxa2 34. Nd1 b5 35. axb5 axb5 36. Nc3 Bc4 37. Bc5 Nd3 38. Bd6 f6 39. g4 Kf7 40.
Kh2 f5 41. gxf5 exf5 42. Kg3 g5 43. Kf3 Ke6 44. Bf8 h5 45. Ke3 g4 46. hxg4 hxg4
47. Ne2 Kf6 48. Bd6 Ne5 49. Nd4 Ng6 50. Ne2 Bxe2 51. Kxe2 f4 52. Kf2 Kf5 53.
Ke2 Ke4 54. Bc5 g3 55. Kf1 f3 56. Bd6 Nf4 57. Bc5 Nh3 58. Bf2 Nxf2 59. Kg1 Nh3+
60. Kh1 g2+ 61. Kh2 g1=Q+ 62. Kxh3 Kf4 0-1

[Event "43. Olimpiada Batumi 2018 Femenina"]
[Site "Batumi GEO"]
[Date "2018.10.02"]
[Round "8.3"]
[White "Ndachipiwa, Kgomotso"]
[Black "Simwaba, Anne"]
[Result "1-0"]
[WhiteElo "1611"]
[BlackElo "1206"]
[PlyCount "101"]
[EventDate "2018.09.24"]
[EventType "team-swiss"]
[EventRounds "11"]
[EventCountry "GEO"]
[SourceTitle "Ajedrez en Madrid"]
[Source "lmi"]
[SourceDate "2018.09.24"]
[WhiteTeam "Botswana"]
[BlackTeam "Malawi"]
[WhiteTeamCountry "BOT"]
[BlackTeamCountry "MWI"]

1. d4 e6 2. Nf3 d5 3. Bf4 c5 4. c3 Nc6 5. e3 Nf6 6. h3 h6 7. Bd3 Qb6 8. Qc1 Be7
9. Nbd2 Bd7 10. O-O O-O 11. Re1 Nh5 12. Bh2 f5 13. dxc5 Qxc5 14. Nb3 Qb6 15.
Qd2 a6 16. Nbd4 Nxd4 17. exd4 Bd6 18. Ne5 Bxe5 19. Bxe5 Rae8 20. Rab1 Bb5 21.
Bc2 Qc6 22. Qd1 Nf6 23. a4 Bxa4 24. Bxa4 b5 25. Bc2 Rf7 26. Ra1 Rc8 27. Bd3 Ne4
28. f3 Nf6 29. Qe2 Ra8 30. Ra2 Nd7 31. Bh2 Re8 32. Rea1 Nb8 33. Bxb8 Rxb8 34.
Rxa6 Rb6 35. Rxb6 Qxb6 36. Ra8+ Rf8 37. Rxf8+ Kxf8 38. Bxb5 Ke7 39. Bd3 Kf7 40.
b4 g5 41. Qa2 Qc6 42. Qb3 Kf6 43. b5 Qb6 44. Qb4 Kf7 45. Qc5 Qxc5 46. dxc5 Ke8
47. Kf2 Kd8 48. Ke3 Kc7 49. Kd4 Kd7 50. Ke5 Ke7 51. c6 1-0

[Event "43. Olimpiada Batumi 2018 Femenina"]
[Site "Batumi GEO"]
[Date "2018.10.02"]
[Round "8.4"]
[White "Ngugama, Magret"]
[Black "Besa, Masaiti"]
[Result "0-1"]
[WhiteElo "1306"]
[BlackElo "1777"]
[PlyCount "68"]
[EventDate "2018.09.24"]
[EventType "team-swiss"]
[EventRounds "11"]
[EventCountry "GEO"]
[SourceTitle "Ajedrez en Madrid"]
[Source "lmi"]
[SourceDate "2018.09.24"]
[WhiteTeam "Malawi"]
[BlackTeam "Botswana"]
[WhiteTeamCountry "MWI"]
[BlackTeamCountry "BOT"]

1. e4 c5 2. Nf3 d6 3. h3 Nf6 4. Nc3 a6 5. Bc4 e6 6. d3 Be7 7. O-O O-O 8. a3 b5
9. Ba2 Bb7 10. Re1 Nbd7 11. b4 Qc7 12. Ne2 cxb4 13. axb4 d5 14. Ng3 Bxb4 15.
Bd2 Bxd2 16. Qxd2 dxe4 17. Nxe4 Nxe4 18. dxe4 h6 19. Rac1 Nf6 20. Qb4 Qf4 21.
Qd2 Qxd2 22. Nxd2 Rfd8 23. e5 Rxd2 24. exf6 gxf6 25. Bb3 Bd5 26. c4 Bxc4 27.
Rxc4 bxc4 28. Bxc4 a5 29. Ra1 a4 30. Bb5 a3 31. Bc4 a2 32. Kf1 Rb2 33. Bd3 Rab8
34. Rc1 Rb1 0-1

[Event "43. Olimpiada Batumi 2018 Femenina"]
[Site "Batumi GEO"]
[Date "2018.10.02"]
[Round "8.1"]
[White "Ahmad Murad, Fatema Alzahraa"]
[Black "Vilhete, Vania Fausto Da T"]
[Result "1-0"]
[WhiteElo "1649"]
[BlackElo "1752"]
[PlyCount "154"]
[EventDate "2018.09.24"]
[EventType "team-swiss"]
[EventRounds "11"]
[EventCountry "GEO"]
[SourceTitle "Ajedrez en Madrid"]
[Source "lmi"]
[SourceDate "2018.09.24"]
[WhiteTeam "Syria"]
[BlackTeam "Mozambique"]
[WhiteTeamCountry "SYR"]
[BlackTeamCountry "MOZ"]

1. d4 d5 2. c4 e6 3. Nf3 Nf6 4. Nc3 c6 5. e3 Bd6 6. Be2 O-O 7. O-O Nbd7 8. b3
Re8 9. Bb2 Qc7 10. h3 dxc4 11. Bxc4 a6 12. Rc1 e5 13. dxe5 Nxe5 14. Nxe5 Bxe5
15. f4 Bd6 16. Qf3 b6 17. e4 Bc5+ 18. Kh1 Be6 19. Bxe6 Rxe6 20. e5 Ne8 21. Ne4
Bf8 22. f5 Rh6 23. Rc2 Rd8 24. Bc1 g6 25. Bxh6 Bxh6 26. fxg6 hxg6 27. Nf6+ Nxf6
28. Qxf6 Bg7 29. Qxc6 Qxe5 30. Qxb6 Rf8 31. Qxa6 Qg3 32. Rf3 Qe1+ 33. Qf1 Qe5
34. a4 Qa5 35. Rcf2 Qd5 36. Qc4 Qd7 37. a5 Be5 38. a6 Bb8 39. b4 Qd1+ 40. Rf1
Qd6 41. Rf4 g5 42. Qd4 gxf4 43. Qxd6 Bxd6 44. b5 Ra8 45. Rd1 Bc5 46. Rd5 Be3
47. h4 Kg7 48. Kh2 f6 49. Rd7+ Kg6 50. Rb7 Bf2 51. g4 fxg3+ 52. Kh3 f5 53. Rd7
f4 54. b6 Rxa6 55. Rd6+ Kg7 56. b7 Rxd6 57. b8=Q Rf6 58. Qc7+ Kh6 59. Qe5 Kg7
60. h5 Be3 61. h6+ Kf7 62. Qh5+ Rg6 63. Qf5+ Rf6 64. Qh7+ Ke6 65. Qg8+ Ke7 66.
Qg7+ Rf7 67. Qg5+ Ke6 68. Qg6+ Rf6 69. Qe4+ Kf7 70. Qb7+ Ke6 71. Qc8+ Kf7 72.
Qd7+ Kg6 73. Qg7+ Kf5 74. h7 Rg6 75. Qf7+ Rf6 76. Qd7+ Kg5 77. Qd5+ Rf5 1-0

[Event "43. Olimpiada Batumi 2018 Femenina"]
[Site "Batumi GEO"]
[Date "2018.10.02"]
[Round "8.2"]
[White "Efentakis, Katina"]
[Black "Yazji, Mada"]
[Result "1/2-1/2"]
[WhiteElo "1451"]
[BlackElo "1726"]
[PlyCount "154"]
[EventDate "2018.09.24"]
[EventType "team-swiss"]
[EventRounds "11"]
[EventCountry "GEO"]
[SourceTitle "Ajedrez en Madrid"]
[Source "lmi"]
[SourceDate "2018.09.24"]
[WhiteTeam "Mozambique"]
[BlackTeam "Syria"]
[WhiteTeamCountry "MOZ"]
[BlackTeamCountry "SYR"]

1. e4 c5 2. Nf3 Nc6 3. d4 cxd4 4. Nxd4 Nf6 5. Nc3 e5 6. Nxc6 bxc6 7. a3 Bc5 8.
Bc4 O-O 9. O-O d6 10. Bg5 h6 11. Bxf6 Qxf6 12. Na4 Bb6 13. Nxb6 axb6 14. f3 Bb7
15. Rf2 Rad8 16. Rd2 Kh8 17. c3 b5 18. Bb3 Qe7 19. Qe2 f5 20. Rad1 fxe4 21.
Qxe4 d5 22. Qe3 Bc8 23. Bc2 Bf5 24. Bxf5 Rxf5 25. Rd4 Qc5 26. Re4 Qxe3+ 27.
Rxe3 Kg8 28. Kf2 e4 29. Rxe4 Kf7 30. Re3 Rd7 31. Rde1 Rf6 32. Rd3 g5 33. h3
Rdd6 34. g3 Rd8 35. Rde3 Rd7 36. Rd3 Rdd6 37. Re5 Rd7 38. Rd2 Rdd6 39. g4 Rf4
40. Kg3 Rdf6 41. Rf2 d4 42. cxd4 Rxd4 43. Re4 Rd3 44. Re5 Rb3 45. Rc5 Rd3 46.
Rc3 Rdd6 47. h4 gxh4+ 48. Kxh4 Rd1 49. Kg3 Rd5 50. Re3 c5 51. Re4 Kg6 52. Rfe2
Rd3 53. Rf4 Rb6 54. Rfe4 Rf6 55. R4e3 Rd4 56. Rf2 Rd5 57. f4 Rd1 58. Ref3 Rd4
59. Kh4 Rd1 60. Kg3 Rg1+ 61. Rg2 Rd1 62. Rb3 Rd4 63. Rf2 b4 64. axb4 cxb4 65.
Re3 Rc4 66. b3 Rd4 67. Ref3 Rd1 68. Re3 Rd4 69. Rff3 Rd1 70. Re4 Rg1+ 71. Kh3
Rb6 72. Rfe3 Kf6 73. Re5 Rc6 74. Rb5 Rc3 75. Rb6+ Kf7 76. Rbe6 Rcc1 77. Re7+
Kf8 1/2-1/2

[Event "43. Olimpiada Batumi 2018 Femenina"]
[Site "Batumi GEO"]
[Date "2018.10.02"]
[Round "8.3"]
[White "Alkaseer, Roaa"]
[Black "Sitoe, Cheila Andre"]
[Result "1-0"]
[WhiteElo "1708"]
[BlackElo "1545"]
[PlyCount "119"]
[EventDate "2018.09.24"]
[EventType "team-swiss"]
[EventRounds "11"]
[EventCountry "GEO"]
[SourceTitle "Ajedrez en Madrid"]
[Source "lmi"]
[SourceDate "2018.09.24"]
[WhiteTeam "Syria"]
[BlackTeam "Mozambique"]
[WhiteTeamCountry "SYR"]
[BlackTeamCountry "MOZ"]

1. e4 e5 2. Nf3 Nc6 3. d4 exd4 4. Nxd4 Ne5 5. Nc3 Nf6 6. f3 a6 7. a4 Bc5 8. Be3
Ba7 9. Nf5 O-O 10. Bxa7 Rxa7 11. Ne3 d6 12. Be2 Be6 13. O-O Ra8 14. Qd2 Qe7 15.
h3 Nc6 16. f4 Bd7 17. Bf3 Rfe8 18. Rfe1 h6 19. Ned5 Qd8 20. Re3 Rb8 21. a5 Bc8
22. Kh1 Nxd5 23. Nxd5 Ne7 24. Rae1 Ng6 25. Qc3 c6 26. f5 Ne5 27. Nf4 Qh4 28.
Nh5 f6 29. Bd1 Bd7 30. Kh2 Qf2 31. Rg3 Re7 32. Nxf6+ Kh8 33. Nh5 Be8 34. Qe3
Qxe3 35. Rexe3 Bxh5 36. Bxh5 Nc4 37. Rd3 Rxe4 38. b3 Nxa5 39. Rxd6 Re7 40. f6
gxf6 41. Rxf6 Rg7 42. Rxh6+ Kg8 43. Re6 c5 44. Re8+ Rxe8 45. Bxe8 b6 46. Rxg7+
Kxg7 47. Bd7 c4 48. b4 Nb7 49. Bc8 Nd6 50. Bxa6 c3 51. Bd3 Nf7 52. g4 Ne5 53.
Be4 Nc4 54. h4 Nd2 55. Bf5 Nf3+ 56. Kg3 Nd4 57. Be4 Ne6 58. Kf3 Kf6 59. g5+ Ke5
60. Ke3 1-0